Statistiche per Piazzamenti nei primi tre del Campionato mondiale di Formula 1

Clicka qui per fare il quiz!

Statistiche generali

  • Questo quiz è stato fatto 12 volte
  • Il punteggio medio è 7 su 11

Statistiche sulle risposte

NazioneTotale podiPrimo postoSecondo postoTerzo postoPilota% Corretto
Regno Unito10730Lewis Hamilton
100%
Brasile6321Ayrton Senna
90%
Finlandia6123Kimi Räikkönen
90%
Germania12723Michael Schumacher
90%
Germania8431Sebastian Vettel
80%
Francia8440Alain Prost
70%
Argentina7520BanJuan Manuel Fangio
70%
Spagna6231Fernando Alonso
70%
Brasile6312Nelson Piquet
40%
Regno Unito6321Jackie Stewart
30%
Regno Unito7043Stirling Moss
10%

Distribuzione punteggi

Percentile per numero di risposta

Percentuale di utenti per punteggio

I tuoi punteggi nel tempo

Non hai fatto questo quiz